000 01679nam a22004457a 4500
001 000102720
003 CHAP
005 20220329143614.0
008 100902s2009 mx r 00010 spa d
010 _a99183
011 _a100155
035 _a110841
040 _cCHAP
090 _aTesis
100 1 _aHernández Kerber, Sonia de Jesus.
_954202
245 1 0 _aPropuestas de implementación del modelo didáctico por competencias en la licenciatura en derecho del centro universitario UAEM. Texcoco /
_c/por Sonia de Jesus Hernández Kerber.
260 _aChapingo, Méx. :
_bEl autor,
_c2009.
300 _aix, 125 h.
502 _aTesis (Maestro en Procesos Educativos) -- UACH. Centro de Educación Continua
530 _aTambién disponible en línea
590 _aALEPH
_b10
_c20130110
_lUCH01
_h1535
590 _aBATCH-UPD
_b10
_c20130110
_lUCH01
_h1801
590 _aBATCH-UPD
_b10
_c20130410
_lUCH01
_h1137
590 _aBATCH-UPD
_b10
_c20130914
_lUCH01
_h1020
590 _aBATCH-UPD
_b10
_c20140324
_lUCH01
_h1519
590 _aBATCH-UPD
_b10
_c20141002
_lUCH01
_h0844
590 _aCONVERSION
_b10
_c20130109
_lUCH01
_h1355
590 _aE11695DGD
_b10
_c20170209
_lUCH01
_h1431
650 1 4 _aAprendizaje.
_96370
650 1 4 _aCompetencia.
_926091
650 1 4 _aDerecho
_931861
650 1 4 _aEducación superior
_zMéxico (Edo.).
_935668
650 1 4 _aEnseñanza.
_937085
856 _3Finding aid
_uhttp://10.13.5.2/tesis/110841.pdf
_zTeclea aqui
901 _aBK
942 _cFOLL
942 _n0
949 _aTesis
_bBC
_cTES
_d33724002131777
_eTS1
_gDonaciØn
_h51028
_i110841
_sb
949 _aTesis
_bBC
_cTES
_d33724002131819
_eTS2
_fc.2
_gDonaciØn
_h51029
_i110841
_sb
999 _c99183
_d99183